SOFTWARE THAT SELLS A PRACTICAL GUIDE TO (Record no. 14739)

MARC details
000 -LEADER
fixed length control field 00317nam a2200121Ia 4500
008 - FIXED-LENGTH DATA ELEMENTS--GENERAL INFORMATION
fixed length control field 240624s9999 xx 000 0 und d
041 ## - LANGUAGE CODE
Language code of text/sound track or separate title eng
082 ## - DEWEY DECIMAL CLASSIFICATION NUMBER
Classification number 005.1 HAS
100 ## - MAIN ENTRY--PERSONAL NAME
Personal name HASTED EDWARD
245 ## - TITLE STATEMENT
Title SOFTWARE THAT SELLS A PRACTICAL GUIDE TO
260 ## - PUBLICATION, DISTRIBUTION, ETC.
Date of publication, distribution, etc. 2005
Place of publication, distribution, etc. Indiana
Name of publisher, distributor, etc. John Wiley and Sons
300 ## - PHYSICAL DESCRIPTION
Extent 379 : p.
Holdings
Withdrawn status Lost status Damaged status Not for loan Home library Current library Shelving location Date acquired Full call number Barcode Date last seen Price effective from Koha item type
        IMTN IMTN Rack 2-A 03/17/2010 005.1 HAS 14739 06/24/2024 06/24/2024 Books
Designed & Maintained by: LRC IMT Nagpur Contact: lrc@imtnag.ac.in© 2024. All Rights Reserved.